Statystyki dla Miasta Zagłębia Dąbrowskiego

Kliknij tutaj aby rozwiązać quiz!

Ogólne statystyki

  • Ten quiz został rozwiązany 45 razy
  • Średni wynik to 5 z 6

Statystyki odpowiedzi

odpowiedź% Poprawnych
Sosnowiec
100%
Dąbrowa Górnicza
98%
Będzin
91%
Czeladź
82%
Sławków
45%
Wojkowice
45%

Rozkład punktacji

Percentyl według liczby udzielonych odpowiedzi

Procent ludzi z każdym wynikiem

Twoja historia wyników

Nie rozwiązałeś tego quizu